[Event "31st Taminco Open"]
[Site "Ghent BEL"]
[Date "2008.07.22"]
[Round "7"]
[White "Deman,S"]
[Black "Muhren,B"]
[Result "0-1"]
[WhiteElo "2101"]
[BlackElo "2278"]

1.e4 c5 2.Nf3 e6 3.d4 cxd4 4.Nxd4 Nc6 5.Nc3 Qc7 6.f4 a6 7.Be3 b5 8.Bd3 Bb7
9.Nb3 Bb4 10.Qg4 g6 11.O-O-O Nge7 12.Qg5 O-O-O 13.Nc5 f5 14.Nxb7 Kxb7 15.Ne2 fxe4
16.Bxe4 Nf5 17.Bd4 Be7 18.Qg4 Rhf8 19.Rhf1 Bf6 20.Bxf5 Nxd4 21.Be4+ Nc6 22.Kb1 d5
23.Bd3 Qd6 24.Qh3 Rf7 25.Rf3 Re7 26.Re3 Rde8 27.c3 Ka7 28.Bc2 Na5 29.Red3 Rb8
30.Qe3+ Rb6 31.g4 b4 32.Nd4 Nc4 33.Qf2 bxc3  0-1

[Event "31st Taminco Open"]
[Site "Ghent BEL"]
[Date "2008.07.22"]
[Round "8"]
[White "Klundt,K"]
[Black "Renette,H"]
[Result "1/2-1/2"]
[WhiteElo "2361"]
[BlackElo "2281"]

1.e4 c5 2.Nf3 e6 3.d4 cxd4 4.Nxd4 Nc6 5.Nc3 Qc7 6.Be3 a6 7.Qd2 Nf6 8.O-O-O b5
9.Nxc6 Qxc6 10.f3 Bb7 11.Bd4 b4 12.Ne2 d5 13.Ng3 dxe4 14.Bxf6 gxf6 15.Nxe4 Be7
16.Qh6 Rc8 17.Bd3 f5 18.Qg7 Rf8 19.Nf6+ Bxf6 20.Qxf6 Rg8 21.Rd2 Qc7 22.Qh4 Qa5
23.Bc4 Rg4 24.fxg4 Rxc4 25.Qf6 Bd5 26.Rhd1 Re4 27.Rxd5 exd5 28.Qxf5 Qxa2
29.Qxd5 Qxd5 30.Rxd5 Rxg4 31.g3 Rg6 32.Kd2 Rh6 33.Re5+ Kd7 34.Re2 Kd6 35.Kd3 Kd5
36.Rf2 Ke6 37.Kc4 a5 38.Re2+ Kd6 39.Rd2+ Ke6  1/2-1/2

[Event "XXVI Andorra Open"]
[Site "La Massana AND"]
[Date "2008.07.22"]
[Round "4"]
[White "Edouard,R"]
[Black "Damljanovic,B"]
[Result "1-0"]
[WhiteElo "2508"]
[BlackElo "2579"]

1.e4 c5 2.Nf3 e6 3.d4 cxd4 4.Nxd4 Nc6 5.Nc3 Qc7 6.Be3 a6 7.Qd2 Nf6 8.O-O-O Be7
9.f3 h5 10.Qf2 b5 11.Nxc6 dxc6 12.Bb6 Qf4+ 13.Be3 Qc7 14.Bb6 Qf4+ 15.Kb1 Nd7
16.Bd4 e5 17.Be3 Qf6 18.h4 Bb4 19.Bg5 Qe6 20.Ne2 f6 21.Be3 Qe7 22.g4 Nf8
23.gxh5 Rxh5 24.Ng3 Rh7 25.h5 Be6 26.Bh3 Bxh3 27.Rxh3 Rd8 28.Rhh1 Ne6 29.a3 Bc5
30.Nf5 Bxe3 31.Qxe3 Qc7 32.Qb3 Kf7 33.h6  1-0

[Event "19th Czech Jihlavanka B Open"]
[Site "Pardubice CZE"]
[Date "2008.07.22"]
[Round "5"]
[White "Massironi,M"]
[Black "Orekhov,V"]
[Result "1/2-1/2"]
[WhiteElo "2145"]
[BlackElo "2275"]

1.e4 c5 2.Nf3 e6 3.d4 cxd4 4.Nxd4 Nc6 5.Nc3 Qc7 6.g3 a6 7.Bg2 Nf6 8.O-O Nxd4
9.Qxd4 Bc5 10.Bf4 d6 11.Qd3 h6 12.Na4 e5 13.Nxc5 dxc5 14.Be3 Ng4 15.Bd2 O-O
16.Bc3 Rd8 17.Qe2 Bd7 18.Rfd1 Nf6 19.f4 Bg4 20.Bf3 Bxf3 21.Qxf3 Qc6 22.Bxe5 Qxe4
23.Qc3 Nd5 24.Qd3 Qxd3 25.Rxd3 Nb4 26.Rd6 Nxc2 27.Rc1 Nb4 28.Rxc5 Rxd6 29.Bxd6 Rd8
30.Be5 Nd3 31.Rc2 b5 32.a3 Nxe5 33.fxe5 Rd5 34.Rc8+ Kh7 35.Rc7 Rxe5 36.Rxf7 a5
37.Ra7 a4 38.Rf7 Rd5 39.Rf4 Rd1+ 40.Kg2 Rd2+ 41.Rf2 Rd3 42.Rf3 Rd4 43.Rf5 Rd2+
44.Rf2 Rd3 45.Rf3  1/2-1/2

[Event "19th Czech Chladek & Tintera A Open"]
[Site "Pardubice CZE"]
[Date "2008.07.22"]
[Round "5"]
[White "Ageichenko,G"]
[Black "Schlosser,P"]
[Result "1/2-1/2"]
[WhiteElo "2384"]
[BlackElo "2567"]

1.e4 c5 2.Nf3 e6 3.d4 cxd4 4.Nxd4 Nc6 5.Nc3 Qc7 6.Be2 Nf6 7.Be3 a6 8.a3 Be7
9.O-O O-O 10.Kh1 d6 11.f4 Bd7 12.Qd3 b5 13.Rae1 Rfd8 14.Bf3 Rac8 15.Qe2 Nxd4
16.Bxd4 Bc6 17.Qf2 Qb7 18.e5 Nd7 19.Ne4 dxe5 20.fxe5 Nf8 21.c3 Ng6 22.g3 Rd5
23.Nd2 Rd7 24.Ne4 Qc7 25.Nd2 Bxf3+ 26.Qxf3 Bc5 27.Nb3 Bb6 28.Re2 h6 29.h4 Qd8
30.Ref2 Rc4 31.Qe3 Bxd4 32.cxd4 a5 33.h5 Nf8 34.Nc5 Re7 35.Rf4 Qd5+ 36.Kg1 Nh7
37.b3 Rc2 38.Qe4 Qxe4 39.Nxe4 Rd7 40.R1f2 Rc1+ 41.Rf1 Rcc7 42.Nc5 Rd5 43.Kf2 Ng5
44.Ke3 Rcxc5 45.dxc5 Rxe5+ 46.Kd3 Rxc5 47.Rd4 e5 48.b4 axb4 49.axb4 e4+ 50.Rxe4 Nxe4
51.bxc5 Nxc5+ 52.Kd4 Ne6+ 53.Kd5 Nc5 54.Kd4 Ne6+ 55.Kd5 Kf8 56.Kd6 Ng5 57.Rf4 Kg8
58.Rb4 g6 59.hxg6 fxg6 60.Ke5 Kg7 61.Rxb5 h5 62.Rb7+ Kh8 63.Rb6 Nh7 64.Rb7 Ng5
65.Ra7 Nh7 66.Re7 Ng5 67.Kf6 Nh7+ 68.Kf7 Ng5+ 69.Kf6 Nh7+ 70.Kf7 Ng5+ 71.Kf8 Nf3
72.Kf7 Ng5+  1/2-1/2

[Event "19th Czech Chladek & Tintera A Open"]
[Site "Pardubice CZE"]
[Date "2008.07.22"]
[Round "5"]
[White "Genba,V"]
[Black "Rehorek,M"]
[Result "1-0"]
[WhiteElo "2429"]
[BlackElo "2324"]

1.e4 c5 2.Nf3 e6 3.d4 cxd4 4.Nxd4 Nc6 5.Nc3 Qc7 6.g3 a6 7.Bg2 Nf6 8.O-O Be7
9.Nb3 d5 10.a4 Bd7 11.a5 Ne5 12.Kh1 O-O 13.f4 Nc4 14.Qe2 Rac8 15.g4 h6 16.h4 h5
17.g5 Ng4 18.Bf3 f5 19.exf5 Rxf5 20.Nd4 Rf7 21.Nxe6 Qb8 22.g6 Rf6 23.Nxd5  1-0

[Event "XIII Open"]
[Site "Balaguer ESP"]
[Date "2008.07.23"]
[Round "10"]
[White "Babaev,Ra"]
[Black "Djingarova,E"]
[Result "1-0"]
[WhiteElo "2484"]
[BlackElo "2305"]

1.e4 c5 2.Nf3 e6 3.d4 cxd4 4.Nxd4 Nc6 5.Nc3 Qc7 6.g3 a6 7.Bg2 Nf6 8.O-O Bc5
9.Nxc6 dxc6 10.Na4 Be7 11.e5 Nd7 12.f4 O-O 13.Nc3 f5 14.exf6 Bc5+ 15.Kh1 Nxf6
16.Qe2 Bd7 17.Be3 Bxe3 18.Qxe3 Ng4 19.Qe2 Nh6 20.Rad1 Rae8 21.Ne4 e5 22.Nd6 Re7
23.fxe5 Rxf1+ 24.Qxf1 Rxe5 25.Qf4 Re7 26.Rf1 Nf7 27.Nf5 Bxf5 28.Qxf5 Re5
29.Qg4 Qe7 30.Qc8+ Nd8 31.Rf2 Re1+ 32.Bf1 g6 33.Kg2 Kg7 34.h4 Nf7 35.Qg4 Qe4+
36.Qxe4 Rxe4 37.Rd2 Re7 38.b4 Ne5 39.Be2 h6 40.Kf2 Kf6 41.Rd6+ Kf5 42.a4 Ke4
43.h5 gxh5 44.Bxh5 Rd7 45.Bg6+  1-0

[Event "41st Festival MTO"]
[Site "Biel SUI"]
[Date "2008.07.23"]
[Round "3"]
[White "Kritz,L"]
[Black "Rasch,H"]
[Result "1-0"]
[WhiteElo "2610"]
[BlackElo "2288"]

1.e4 c5 2.Nf3 e6 3.d4 cxd4 4.Nxd4 Nc6 5.Nc3 Qc7 6.Be3 a6 7.Qd2 Nf6 8.O-O-O Bb4
9.f3 b5 10.Bf4 Qb6 11.a3 Be7 12.e5 Qxd4 13.Qxd4 Nxd4 14.Rxd4 Nh5 15.Bd2 f6
16.Rh4 g6 17.exf6 Bxf6 18.Re4 Kf7 19.Bd3 d5 20.Ree1 g5 21.g3 Bb7 22.f4 h6
23.Rhf1 Rhg8 24.fxg5 hxg5 25.Be2 g4 26.Nd1 Rg7 27.Nf2 Rag8 28.Nd3 Ke8 29.a4 Rc7
30.axb5 axb5 31.Nf2  1-0

[Event "ch-AUT"]
[Site "Leoben AUT"]
[Date "2008.07.23"]
[Round "5"]
[White "Schachinger,M"]
[Black "Baumegger,S"]
[Result "1/2-1/2"]
[WhiteElo "2314"]
[BlackElo "2433"]

1.e4 c5 2.Nf3 e6 3.d4 cxd4 4.Nxd4 Nc6 5.Nc3 d6 6.Be3 Nf6 7.f3 Be7 8.Qd2 O-O
9.O-O-O a6 10.Kb1 Nxd4 11.Bxd4 b5 12.g4 Nd7 13.h4 b4 14.Na4 Qa5 15.b3 Nc5
16.Nxc5 dxc5 17.Bb2 Rd8 18.Qe1 Bd7 19.a4 Bc6 20.Rxd8+ Qxd8 21.Rh2 Qc7 22.Rd2 a5
23.g5 Rd8 24.Rxd8+ Qxd8 25.Bd3 Qc7 26.Qf2 Bd6 27.h5 Bb7 28.Bc1 Bg3 29.Qg1 Be5
30.Be3 Bh2 31.Qg4 Be5 32.g6 Bc8 33.gxh7+ Kh8 34.f4 Bd6 35.e5 Bf8 36.Qg1 Bb7
37.Qf1 Bd5 38.Bc1 Qc6 39.Bb5 Qb7 40.Ba6 Qc7 41.Bd3 Qc6 42.Bb5 Qb7 43.Qd3 Be7
44.Ba6 Qa8 45.Qb5 Kxh7 46.Qd7 Qxa6 47.Qxe7 Qe2 48.Qxc5 Be4 49.Qc4 Qxc4 50.bxc4 Kh6
51.Kb2 Kxh5 52.c3 bxc3+ 53.Kxc3 Bc6 54.Kd4 Bxa4 55.Bd2 Kg4 56.Ke3 Bb3 57.Bxa5 Bxc4
58.Ke4  1/2-1/2

[Event "4th IRT Soc. Italiana"]
[Site "Merlo ARG"]
[Date "2008.07.23"]
[Round "9"]
[White "Tomeo,I"]
[Black "Sapienza,J"]
[Result "1-0"]
[WhiteElo "2076"]
[BlackElo "2169"]

1.e4 c5 2.Nf3 Nc6 3.Nc3 e6 4.d4 cxd4 5.Nxd4 Nf6 6.Nxc6 bxc6 7.e5 Nd5 8.Ne4 Qc7
9.f4 Ba6 10.c4 Bb4+ 11.Bd2 Nxf4 12.Bxb4 Qxe5 13.Qc2 c5 14.Bc3 Qh5 15.Bxg7 O-O-O
16.Bxh8 Rxh8 17.Qf2 e5 18.Be2 Qg6 19.Qxc5+ Kd8 20.Qa5+ Kc8 21.Qxe5 Qxg2 22.Qxh8+ Kb7
23.Nd6+ Kc7 24.Nb5+ Kb7 25.Qe5 Bxb5 26.Qxb5+ Ka8 27.O-O-O Nxe2+ 28.Kb1 Qe4+
29.Ka1  1-0

[Event "III Open"]
[Site "Oviedo ESP"]
[Date "2008.07.23"]
[Round "1"]
[White "Guliyev,N"]
[Black "Arroyo Figuero,F"]
[Result "1-0"]
[WhiteElo "2510"]
[BlackElo "1879"]

1.e4 c5 2.Nf3 e6 3.d4 cxd4 4.Nxd4 Nc6 5.Nc3 Qc7 6.Be2 a6 7.O-O Nf6 8.Be3 Bb4
9.Na4 Be7 10.Nxc6 bxc6 11.Nb6 Rb8 12.Nxc8 Qxc8 13.Bd4 c5 14.Be5 Rb6 15.Qd3 d6
16.Bc3 O-O 17.b3 Nd7 18.Rad1 Bf6 19.Ba5 Rc6 20.Qg3 Be5 21.f4 Bd4+ 22.Kh1 Bf6
23.Bf3 e5 24.Bg4 Qb7 25.Bxd7 Qxd7 26.fxe5 Be7 27.Bc3 g6 28.exd6 Rxd6 29.Qe5 f6
30.Rxd6 Qxd6 31.Qxd6 Bxd6 32.Rxf6 Be7 33.Rxf8+  1-0

[Event "III Open"]
[Site "Oviedo ESP"]
[Date "2008.07.23"]
[Round "1"]
[White "Reno Vazquez,J"]
[Black "Arias Torio,S"]
[Result "0-1"]
[WhiteElo "1651"]
[BlackElo "2140"]

1.e4 c5 2.Nf3 e6 3.d4 cxd4 4.Nxd4 Nc6 5.Nc3 a6 6.Be3 Nf6 7.Bd3 d5 8.f3 e5
9.Nxc6 bxc6 10.exd5 cxd5 11.Bg5 Bb7 12.Qe2 Bd6 13.Bxf6 Qxf6 14.O-O O-O 15.Qd2 Rad8
16.a3 Qh4 17.Bf5 g6 18.Bg4 f5 19.g3 Bc5+ 20.Kh1 Qxg4 21.fxg4 d4+ 22.Qg2 Bxg2+
23.Kxg2 dxc3 24.bxc3 Rd2+ 25.Kh3 fxg4+ 26.Kxg4 h5+ 27.Kh3 Rxc2 28.Rae1 Rxf1
29.Rxf1 Kg7 30.Rd1 g5 31.g4 h4 32.Rd7+ Kf6 33.Rd3 Bg1  0-1

[Event "1st Open"]
[Site "Paleochora GRE"]
[Date "2008.07.23"]
[Round "4"]
[White "Bizopoulos,A"]
[Black "Souleidis,G"]
[Result "1/2-1/2"]
[WhiteElo "2141"]
[BlackElo "2431"]

1.e4 c5 2.Nf3 Nc6 3.Nc3 e6 4.d4 cxd4 5.Nxd4 Nf6 6.Ndb5 d6 7.Bf4 e5 8.Bg5 a6
9.Na3 b5 10.Bxf6 gxf6 11.Nd5 Bg7 12.c3 f5 13.exf5 Bxf5 14.Nc2 Be6 15.Nce3 Ne7
16.Nxe7 Qxe7 17.Bd3 d5 18.Nf5 Qf6 19.Nxg7+ Qxg7 20.g3 e4 21.Be2 O-O 22.Qd4 Rfc8
23.Kd2 Qg5+ 24.Qe3 Qe7 25.a3 a5 26.h4 b4 27.axb4 axb4 28.Qg5+ Qxg5+ 29.hxg5 bxc3+
30.bxc3 Kg7 31.f4 exf3 32.Bxf3 Rab8 33.Rab1 Kg6 34.Rh6+ Kg7 35.Rhh1 Rxb1
36.Rxb1 Rc5 37.Rh1 Ra5 38.Ke3 d4+ 39.Kxd4 Rxg5 40.Rg1 h5 41.Ke3 h4 42.Kf2 h3
43.g4 Rc5 44.Rh1 Rxc3 45.Rxh3  1/2-1/2

[Event "19th Czech Chladek & Tintera A Open"]
[Site "Pardubice CZE"]
[Date "2008.07.23"]
[Round "6"]
[White "Vorobiov,E"]
[Black "Javakhishvili,L"]
[Result "1-0"]
[WhiteElo "2550"]
[BlackElo "2461"]

1.e4 c5 2.Nf3 e6 3.d4 cxd4 4.Nxd4 Nc6 5.Nc3 Qc7 6.f4 a6 7.Nxc6 Qxc6 8.Bd3 b5
9.Qe2 Bb7 10.Bd2 Be7 11.O-O b4 12.Nd1 Nf6 13.Nf2 d5 14.e5 Ne4 15.Rae1 Nc5
16.f5 Nxd3 17.Nxd3 a5 18.fxe6 Qxe6 19.Qe3 Rc8 20.c3 Rc4 21.cxb4 axb4 22.b3 Re4
23.Qa7 Ba6 24.Rxe4 dxe4 25.Nf4 Qxe5 26.Qa8+ Bd8 27.Qc6+ Kf8 28.Ne6+ Qxe6
29.Qxe6  1-0

[Event "19th Czech Chladek & Tintera A Open"]
[Site "Pardubice CZE"]
[Date "2008.07.23"]
[Round "6"]
[White "Shanava,K"]
[Black "Bukavshin,I"]
[Result "1-0"]
[WhiteElo "2522"]
[BlackElo "2350"]

1.e4 c5 2.Nf3 e6 3.d4 cxd4 4.Nxd4 Nc6 5.Nc3 Qc7 6.Be3 a6 7.Bd3 Nf6 8.Nb3 b5
9.f4 d6 10.Qf3 Bb7 11.Qh3 Be7 12.O-O Nb8 13.a3 Nbd7 14.Rae1 h5 15.Kh1 Rc8
16.Nd4 Nc5 17.Bg1 Nfd7 18.Nf3 Bf6 19.Bxc5 Bxc3 20.Bxd6 Qxd6 21.e5 Qe7 22.bxc3 g6
23.Ng5 Rxc3 24.Re3 Kd8 25.Be4 Rc7 26.Rd1 Kc8 27.c4 Rxc4 28.Bxb7+ Kxb7 29.Ne4 Ka7
30.Nd6 Rc7 31.Rc3 Nb6 32.Rdc1 Rxc3 33.Qxc3 Nd5 34.Qa5 Qd7 35.h3 Rb8 36.Kh2 f5
37.Rc2 h4 38.Qe1 Rh8 39.Rc5 Kb8 40.Qc1 Ne7 41.a4 bxa4 42.Qb2+ Ka7 43.Qd4 Ka8
44.Qd3 Rb8 45.Qxa6+ Qa7 46.Ra5 Rb7 47.Qxb7+  1-0

[Event "19th Czech Chladek & Tintera A Open"]
[Site "Pardubice CZE"]
[Date "2008.07.23"]
[Round "6"]
[White "Reutsky,S"]
[Black "Jansa,Vl"]
[Result "1/2-1/2"]
[WhiteElo "2344"]
[BlackElo "2485"]

1.e4 c5 2.Nf3 e6 3.d4 cxd4 4.Nxd4 Nc6 5.Nc3 a6 6.Be3 Nf6 7.Bd3 d5 8.exd5 exd5
9.Qd2 Be7 10.h3 O-O 11.O-O-O Be6 12.g4 Rc8 13.Rhe1 Bb4 14.a3 Bxc3 15.Qxc3 Ne5
16.Qd2 Nxd3+ 17.Qxd3 Ne4 18.f4 Qe7 19.f5 Bd7 20.Rg1 Rc3 21.f6 Rxd3 22.fxe7 Rxd1+
23.Rxd1 Re8 24.Ne2 Bc6 25.Nf4 Rxe7 26.Nxd5 Rd7 27.Nb4 Rxd1+ 28.Kxd1 Bd7 29.Ke2 f6
30.Kf3 Ng5+ 31.Kg3 Kf7 32.Nd3 Ne4+ 33.Kf4 Nd6 34.h4 Bb5 35.Nc5 Bc6 36.Bd4 Nb5
37.Be3 g6 38.Nb3 Nc7 39.c4 Ne6+ 40.Kg3 f5 41.h5 Kf6 42.hxg6 hxg6 43.gxf5 Kxf5
44.Nc5 Ng7 45.b4 g5 46.b5 Nh5+ 47.Kf2 axb5 48.cxb5 Bd5 49.a4 g4 50.a5 g3+
51.Kg1 Kg4 52.b6 Kf3 53.Bh6 g2 54.Nd3 Kg3 55.Be3 Nf6 56.Bf2+ Kg4 57.Kh2 Kf3  1/2-1/2

[Event "ZMD Open"]
[Site "Dresden GER"]
[Date "2008.07.24"]
[Round "6"]
[White "Lauridsen,JM"]
[Black "Farago,I"]
[Result "0-1"]
[WhiteElo "2262"]
[BlackElo "2482"]

1.e4 c5 2.Nf3 e6 3.d4 cxd4 4.Nxd4 Nc6 5.Nc3 a6 6.Be3 Nf6 7.Bd3 Qc7 8.Nxc6 bxc6
9.O-O Be7 10.f4 d5 11.e5 Nd7 12.Qg4 O-O 13.Rae1 f5 14.exf6 Nxf6 15.Qh4 c5
16.f5 c4 17.Be2 e5 18.g4 Bc5 19.Bf3 Bxe3+ 20.Rxe3 Qc5 21.Qf2 e4 22.g5 d4
23.Rxe4 Nxe4 24.Nxe4 Qxf5 25.Qxd4 Be6 26.Nf6+ gxf6 27.Bxa8 Qxg5+ 28.Kh1 Qe5
29.Qxe5 fxe5 30.Rxf8+ Kxf8 31.Be4 h6 32.Kg2 Ke7 33.Kf3 a5 34.b3 Kd6 35.bxc4 Kc5
36.Bd5 Bxd5+ 37.cxd5 Kxd5 38.Ke3 Kc4 39.Ke4 a4 40.a3 Kc3 41.Kxe5 Kxc2 42.Kd4 Kb3
43.Kd3 Kxa3 44.Kc3 Ka2 45.Kc2 a3 46.h3  0-1

[Event "Politiken Cup"]
[Site "Helsingor DEN"]
[Date "2008.07.24"]
[Round "7"]
[White "Hansen,Pa"]
[Black "Suntharalingam,J"]
[Result "1-0"]
[WhiteElo "2069"]
[BlackElo "1929"]

1.e4 c5 2.Nf3 e6 3.Nc3 Nc6 4.d4 cxd4 5.Nxd4 Nf6 6.Ndb5 Bb4 7.a3 Bxc3+ 8.Nxc3 d5
9.exd5 exd5 10.Bd3 Bg4 11.f3 Be6 12.O-O O-O 13.Bg5 Rc8 14.f4 Bg4 15.Qe1 Qb6+
16.Kh1 Be6 17.Bxf6 gxf6 18.Qh4 f5 19.Rf3 Rfe8 20.Rg3+ Kf8 21.Bxf5 Nd4 22.Bxh7 Rxc3
23.Rg8+  1-0

[Event "19th Czech Chladek & Tintera A Open"]
[Site "Pardubice CZE"]
[Date "2008.07.24"]
[Round "7"]
[White "Boskovic,D"]
[Black "Rehorek,M"]
[Result "1-0"]
[WhiteElo "2455"]
[BlackElo "2324"]

1.e4 c5 2.Nf3 e6 3.d4 cxd4 4.Nxd4 Nc6 5.Nc3 d6 6.g4 Nge7 7.Bg2 Ng6 8.Be3 Be7
9.Qe2 Nf4 10.Qf3 Nxd4 11.Bxd4 e5 12.Be3 Nxg2+ 13.Qxg2 Be6 14.O-O-O Bg5 15.Qg3 Bxe3+
16.Qxe3 O-O 17.f3 Qa5 18.a3 Rfd8 19.Nd5 Rd7 20.Rd3 Qd8 21.h4 b6 22.h5 h6
23.Rhd1 Bxd5 24.Rxd5 Qf6 25.Qc3 Rad8 26.R1d3 g6 27.Kb1 gxh5 28.gxh5 Kf8 29.a4 Qg5
30.Qb4 Ke7 31.a5 bxa5 32.Rxa5 f6 33.Qa3 Qg1+ 34.Ka2 Qf2 35.Rc3 Rb8 36.Ra6 Rb6
37.Rxb6 axb6 38.Qa6 Qd4 39.Rc8 b5 40.c3 Qg1 41.Qxb5 Qd1 42.Ra8 f5 43.Qb8 Ke6
44.Qe8+ Re7 45.Qg8+  1-0

[Event "34th Open"]
[Site "Sitges ESP"]
[Date "2008.07.24"]
[Round "3"]
[White "Critelli,J"]
[Black "Jovanic,O"]
[Result "0-1"]
[WhiteElo "2296"]
[BlackElo "2493"]

1.e4 c5 2.Nf3 e6 3.d4 cxd4 4.Nxd4 Nc6 5.Nc3 Qc7 6.Nb3 a6 7.f4 b5 8.Bd3 d6
9.O-O Nf6 10.Qe2 Bb7 11.Bd2 Be7 12.Kh1 O-O 13.a4 b4 14.Nd1 Rfe8 15.Nf2 e5
16.fxe5 dxe5 17.Ng4 Nxg4 18.Qxg4 Nd8 19.Rf3 f6 20.Bh6 g6 21.Raf1 Bc8 22.Qg3 Nf7
23.Be3 Qc6 24.Nd2 Kg7 25.Nc4 Be6 26.Nb6 Rad8 27.a5 b3 28.Qf2 bxc2 29.Bxc2 Kg8
30.Ba4 Qxe4 31.Bxe8 Rxe8 32.Bc5 Bd8 33.Qe3 Qc6 34.R3f2 f5 35.Rd1 e4 36.b4 Bg5
37.Qg3 Qb5 38.Kg1 Qc6 39.Be3 Be7 40.Rc1 Qb5 41.Bc5 Bf6 42.Rfc2 Ne5 43.Kh1 Nd3
44.Rb1 f4  0-1

[Event "41st Festival MTO"]
[Site "Biel SUI"]
[Date "2008.07.25"]
[Round "5"]
[White "Narayanan,Sr"]
[Black "Kim,Alex"]
[Result "0-1"]
[WhiteElo "2220"]
[BlackElo "2460"]

1.e4 c5 2.Nf3 e6 3.d4 cxd4 4.Nxd4 Nc6 5.Nc3 Qc7 6.f4 a6 7.Nxc6 bxc6 8.e5 d5
9.exd6 Bxd6 10.Ne4 Be7 11.Bd3 Nf6 12.Ng5 h6 13.Nf3 Bd6 14.Qe2 Bxf4 15.Bxf4 Qxf4
16.Ne5 Rb8 17.c4 Nd7 18.Nxc6 Rb6 19.Na5 Nc5 20.Nb3 Nxb3 21.axb3 Rxb3 22.g3 Qg5
23.O-O Qc5+ 24.Rf2 Bb7 25.Re1 O-O 26.Kf1 Rd8 27.Bc2 Rxb2 28.Bh7+ Kxh7 29.Qxb2 Qxc4+  0-1

[Event "83rd ch-ARG s/f"]
[Site "Buenos Aires ARG"]
[Date "2008.07.25"]
[Round "5"]
[White "Mahia,G"]
[Black "Needleman,A"]
[Result "1/2-1/2"]
[WhiteElo "2441"]
[BlackElo "2352"]

1.e4 c5 2.Nf3 e6 3.d4 cxd4 4.Nxd4 Nc6 5.Nc3 Qc7 6.Be2 a6 7.O-O b5 8.Nxc6 dxc6
9.a4 b4 10.Nb1 Nf6 11.Nd2 Bc5 12.a5 h5 13.Nc4 Nxe4 14.Be3 Bxe3 15.fxe3 Nf6
16.Qe1 Rb8 17.Rd1 Rh6 18.Qh4 Bd7 19.e4 Kf8 20.e5 Nd5 21.Bxh5 Be8 22.Qg5 Kg8
23.Bf3 Ne7 24.Be4 f5 25.Bf3 c5 26.Rd6 Bb5 27.Nb6 Rg6 28.Qd2 Bxf1 29.Kxf1 Rh6
30.Rd7 Qxe5 31.Rxe7 Qxb2 32.Nc4 Qa1+ 33.Kf2 Qf6 34.Qd6 Rf8 35.Kg1 Kh7 36.h3 Qc3
37.Ne5 Qxc2 38.Rc7 Qc1+ 39.Kh2 Rg8 40.Rxc5 Qf4+ 41.g3 Qe3 42.Rc4 b3 43.Nf7 b2
44.Qb4 Rd8 45.Nxd8 Qf2+ 46.Bg2 Rg6 47.g4 fxg4 48.Rxg4 Rxg4 49.hxg4 Qh4+ 50.Kg1 Qxd8
51.Qxb2 Qxa5 52.Be4+ Kg8 53.Qd4 Qg5 54.Bd3 a5 55.Kf2 Qf6+ 56.Ke3 Qg5+ 57.Qf4 Qc5+
58.Ke2 Qb6 59.g5 Qb2+ 60.Kf3 Qb3 61.Qe4 a4 62.g6 Qd5 63.Kf4 Qxe4+ 64.Kxe4 a3
65.Bb1 a2 66.Bxa2 Kh8  1/2-1/2

[Event "ZMD Open"]
[Site "Dresden GER"]
[Date "2008.07.25"]
[Round "7"]
[White "Fedorchuk,S"]
[Black "Jaracz,P"]
[Result "1/2-1/2"]
[WhiteElo "2624"]
[BlackElo "2501"]

1.e4 c5 2.Nf3 e6 3.d4 cxd4 4.Nxd4 Nc6 5.Nc3 Qc7 6.Be2 Nf6 7.O-O Be7 8.Be3 d6
9.f4 O-O 10.Kh1 a6 11.Qe1 Nxd4 12.Bxd4 b5 13.a3 Bb7 14.Qg3 Rad8 15.Rae1 Rd7
16.Bd3 Re8 17.Rf3 Qd8 18.Qh3 g6 19.Ref1 Bf8 20.f5 exf5 21.exf5 g5 22.Re3 Bg7
23.a4 bxa4 24.Nxa4 Rxe3 25.Bxe3 h6 26.Bd4 Re7 27.Nb6 Qe8 28.Nc4 Re1 29.Nxd6 Rxf1+
30.Bxf1 Qe1 31.Kg1 Ne4 32.Qd3 Bxd4+ 33.Qxd4 Nxd6 34.Qxd6 Qe3+ 35.Kh1 Qf2
36.Qd1 Qxf5 37.Bd3 Qe5  1/2-1/2

[Event "1st Open"]
[Site "Paleochora GRE"]
[Date "2008.07.25"]
[Round "6"]
[White "Prathamesh,S"]
[Black "Matsenko,S"]
[Result "1/2-1/2"]
[WhiteElo "2358"]
[BlackElo "2440"]

1.e4 c5 2.Nf3 Nc6 3.Nc3 e6 4.d4 cxd4 5.Nxd4 Qc7 6.Be2 a6 7.O-O Nf6 8.a4 Bb4
9.Qd3 O-O 10.Bg5 Nxd4 11.Qxd4 Bc5 12.Qd3 b6 13.Kh1 Bb7 14.f4 Kh8 15.Rad1  1/2-1/2

[Event "19th Czech Chladek & Tintera A Open"]
[Site "Pardubice CZE"]
[Date "2008.07.25"]
[Round "8"]
[White "Ozolin,M"]
[Black "Jansa,Vl"]
[Result "0-1"]
[WhiteElo "2367"]
[BlackElo "2485"]

1.e4 c5 2.Nf3 e6 3.d4 cxd4 4.Nxd4 Nc6 5.Nc3 a6 6.Nxc6 bxc6 7.Bd3 d5 8.Qe2 Nf6
9.O-O Be7 10.Na4 O-O 11.c4 Bb7 12.e5 Nd7 13.Bf4 Nb6 14.Nc3 dxc4 15.Bc2 Nd5
16.Qg4 Nxf4 17.Qxf4 c5 18.Be4 Qc7 19.Bxb7 Qxb7 20.Qxc4 Qxb2 21.Rab1 Qc2 22.Rfc1 Qf5
23.Qe4 Rfb8 24.Qxf5 exf5 25.Nd5 Bf8 26.Nb6 Ra7 27.Nc4 Rab7 28.Rxb7 Rxb7 29.Kf1 g6
30.Ke2 Rd7 31.Nd6 Bxd6 32.exd6 Rxd6 33.Rxc5 Kg7 34.Ke3 Kf6 35.g3 Re6+ 36.Kf3 g5
37.Ra5 Kg6 38.h3 Rf6 39.Ke2 h5 40.h4 Re6+ 41.Kf1 f6 42.Kg2 Rc6 43.f4 Rc2+
44.Kg1 gxf4 45.gxf4 Rc4 46.Kg2 Rxf4 47.Kh3 Rf3+ 48.Kg2 Rf4 49.Kg3 Rg4+ 50.Kf3 Rxh4
51.Rxa6 Kg5 52.Ra8 Rh3+ 53.Kg2 Rc3 54.a4 Ra3 55.a5 Kg4 56.Rg8+ Kf4 57.Rf8 Ra2+
58.Kh3 Rxa5 59.Rxf6 Kf3 60.Rb6 Re5 61.Rb3+ Re3 62.Rb4 f4 63.Kh2 Re2+ 64.Kh3 Re1
65.Kh2 Kg4 66.Rb2 h4 67.Rg2+ Kf3 68.Rg8 Kf2 69.Ra8 f3 70.Ra3 Ke2 71.Ra2+ Kf1
72.Rb2 f2 73.Ra2 Re3 74.Ra1+ Ke2 75.Ra2+ Kf3 76.Ra1 Re1 77.Ra4  0-1

[Event "19th Czech Jihlavanka B Open"]
[Site "Pardubice CZE"]
[Date "2008.07.25"]
[Round "8"]
[White "Coenen,M"]
[Black "Gutierrez Jimenez,J"]
[Result "1-0"]
[WhiteElo "2176"]
[BlackElo "2311"]

1.e4 c5 2.Nf3 e6 3.d4 cxd4 4.Nxd4 Nc6 5.Nc3 Qc7 6.Be3 a6 7.Qd2 Nxd4 8.Bxd4 Ne7
9.Be3 Nc6 10.Bf4 Ne5 11.Bg3 d6 12.f4 Nc6 13.Be2 b5 14.a3 Bb7 15.Rd1 Qa5 16.f5 e5
17.O-O Be7 18.f6 Bxf6 19.Nd5 Qxd2 20.Nxf6+ gxf6 21.Rxd2 Nd4 22.Bh5 O-O-O
23.Rxf6 Bxe4 24.c3 Nc6 25.Bg4+ Kb8 26.Rdxd6 Rxd6 27.Rxd6 Rf8 28.Rf6 Kc7 29.Be6 Kd8
30.Bh4 Kc7 31.Bf2 Nd8 32.Bb3 Rg8 33.Bg3 Kb7 34.Bxf7 Rg7 35.Bh5 Nc6 36.b4 Rd7
37.Rf7 Rxf7 38.Bxf7 Kc7 39.c4 Kd6 40.c5+ Ke7 41.Bh5 Ke6 42.Bg4+ Bf5 43.Bf3 e4
44.Bd1 Kd5 45.Bh5 a5 46.Be1 axb4 47.axb4 Be6 48.Be8 e3 49.Kf1 Nd4 50.Bc3 Bf5
51.Bxd4 Bd3+ 52.Ke1 Kxd4 53.c6 Kd5 54.c7 Bf5 55.Bxb5 Kd6 56.Bd3  1-0

[Event "Dutch Open"]
[Site "Dieren NED"]
[Date "2008.07.26"]
[Round "5"]
[White "Klein,Da"]
[Black "Struik,T"]
[Result "0-1"]
[WhiteElo "2135"]
[BlackElo "2203"]

1.e4 c5 2.Nf3 e6 3.d4 cxd4 4.Nxd4 Nc6 5.Nc3 Bc5 6.Nxc6 dxc6 7.Qxd8+ Kxd8
8.Na4 Bd6 9.Be3 b6 10.O-O-O Kc7 11.b3 Nf6 12.f3 Nd7 13.Nb2 f6 14.Be2 Bc5
15.Bd2 Bb7 16.Nd3 Bd6 17.Nf4 Rhe8 18.Bc4 Nf8 19.Nh5 Re7 20.f4 Nd7 21.Rhe1 g6
22.Ng3 b5 23.Bf1 a5 24.Kb1 Bc5 25.Bc3 b4 26.Bb2 Bf2 27.Re2 Bg1 28.Nh1 Bxh2
29.g3 Bg1 30.Bh3 Bc5 31.Red2 f5 32.exf5 exf5 33.g4 Be3 34.Re2 Rae8 35.gxf5 gxf5
36.Bxf5 Bxf4 37.Rxe7 Rxe7 38.Nf2 c5 39.Nd3 Bd6 40.Bc1 Bf3 41.Rf1 Bc6 42.Nf4 Nf8
43.Bd3 Be5 44.Bc4 Ng6 45.Nd5+ Bxd5 46.Bxd5 Kd6 47.Bg8 Rg7 48.Bf7 h5 49.Bh6 Rh7
50.Bg5 Ne7 51.Be8 h4 52.Rd1+ Nd5 53.Bg6 Rh8 54.Be4 Bd4 55.Bxd5 Kxd5 56.Bf4 Rg8
57.Bh2 Rg2 58.Rh1 h3 59.a3 Ke4 60.axb4 axb4 61.Re1+ Kf3 62.Rh1 Rxh2 63.Rxh2 Kg3
64.Rd2 h2 65.Rd3+ Kg4 66.Rd1 Bg1  0-1

[Event "Dutch Open"]
[Site "Dieren NED"]
[Date "2008.07.26"]
[Round "5"]
[White "Van den Doel,E"]
[Black "Hendriks,W"]
[Result "1/2-1/2"]
[WhiteElo "2568"]
[BlackElo "2425"]

1.e4 c5 2.Nf3 e6 3.d4 cxd4 4.Nxd4 Nc6 5.Nc3 Qc7 6.Be2 a6 7.O-O Nf6 8.Be3 Bb4
9.Na4 Be7 10.Nxc6 bxc6 11.Nb6 Rb8 12.Nxc8 Qxc8 13.e5 Nd5 14.Bc1 Bc5 15.Kh1 O-O
16.c4 Ne7 17.b3 Qc7 18.Bb2 d6 19.exd6 Bxd6 20.c5 Be5 21.Bxe5 Qxe5 22.Bxa6 Qxc5
23.Bc4 Rfd8 24.Qe2 Qa3 25.h3  1/2-1/2

[Event "ZMD Open"]
[Site "Dresden GER"]
[Date "2008.07.26"]
[Round "8"]
[White "Lauridsen,JM"]
[Black "Maiwald,JU"]
[Result "0-1"]
[WhiteElo "2262"]
[BlackElo "2500"]

1.e4 c5 2.Nf3 e6 3.d4 cxd4 4.Nxd4 Nc6 5.Nc3 Qc7 6.Be3 a6 7.Qd2 Nxd4 8.Bxd4 b5
9.O-O-O Ne7 10.Qe3 Rb8 11.f4 Nc6 12.g3 Nxd4 13.Qxd4 f6 14.Bg2 Bc5 15.Qd3 O-O
16.h4 Rf7 17.e5 f5 18.g4 fxg4 19.Ne4 Bb7 20.h5 h6 21.Rh4 Rxf4 22.Nf6+ Rxf6
23.exf6 Qf4+ 24.Kb1 Bxg2 25.Qg6 Qg5 26.Rxg4 Qxg6 27.Rxg6 Bc6 28.Rxg7+ Kh8
29.Rg6 Be3 30.Rg3 Bg5 31.Rf1 a5 32.b3 Rf8 33.f7 Kg7 34.c4 bxc4 35.bxc4 Rxf7
36.Rxf7+ Kxf7 37.Kc2 Kf6 38.Rg1 Kf5 39.Kd3 e5 40.c5 Bb5+ 41.Kc3 e4 42.a4 Bxa4
43.Rf1+ Bf4 44.Kc4 Bc6 45.Ra1 a4 46.Rf1 e3 47.Kd4 a3  0-1

[Event "Politiken Cup"]
[Site "Helsingor DEN"]
[Date "2008.07.26"]
[Round "9"]
[White "Skovgaard,Pe2"]
[Black "Brunello,S"]
[Result "0-1"]
[WhiteElo "2255"]
[BlackElo "2482"]

1.e4 c5 2.Nf3 e6 3.d4 cxd4 4.Nxd4 Nc6 5.Nc3 Qc7 6.Be3 a6 7.Bd3 Nf6 8.O-O h5
9.Be2 Ng4 10.Bxg4 hxg4 11.g3 Ne5 12.Bf4 Bc5 13.Nb3 Bd6 14.Bxe5 Bxe5 15.Qxg4 b5
16.f4 Bxc3 17.bxc3 Qxc3 18.Rf3 Qxc2 19.Rf2 Qxe4 20.Qxg7 Rf8 21.Nc5 Qd5 22.Qe5 Bb7
23.Nxb7 Qxb7 24.Rc1 Rc8 25.Rfc2 Rc4 26.Rxc4 bxc4 27.f5 Qb6+ 28.Kg2 d6 29.Qe4 d5
30.Rb1 dxe4 31.Rxb6 exf5 32.Rb7 c3 33.Rc7 c2 34.Rxc2 Ke7 35.Rc7+ Ke6 36.Rc6+ Ke5
37.Rxa6 f4 38.Ra5+ Kd4 39.gxf4 Ke3 40.Rf5 Rg8+ 41.Kf1 Kf3 42.Rb5 e3 43.Rb2 Rc8
44.Rb1 Rc2 45.h4 Rxa2 46.Kg1 Rg2+ 47.Kh1 Rg4 48.Rf1+ Ke2  0-1